000 00291nam a22001097a 4500
008 150902b xxu||||| |||| 00| 0 eng d
020 _a0416335004
082 _a526 CUF.
100 _aCUFF, DAVID J.
245 _aTHEMATIC MAPS;
_bTHEIR DESIGN AND PRODUCTION.
260 _aNEW YORK.
_bMETHUEN
_c1982
999 _c1945
_d1945